International Business / A New Era (Record no. 751)
[ view plain ]
| 000 -LEADER | |
|---|---|
| fixed length control field | 02457cam a22002054a 4500 |
| 005 - ΗΜΕΡΟΜΗΝΙΑ ΚΑΙ ΩΡΑ ΤΕΛΕΥΤΑΙΑΣ ΕΝΗΜΕΡΩΣΗΣ | |
| Πεδίο ελέγχου | 20250605163944.0 |
| 008 - FIXED-LENGTH DATA ELEMENTS--GENERAL INFORMATION | |
| Πεδίο ελέγχου σταθερού μήκους | 250528s ||||||||||||||||||||||||d |
| 035 ## - SYSTEM CONTROL NUMBER | |
| System control number | 15157 |
| 020 ## - ISBN | |
| ISBN | 155413368 |
| 040 ## - ΠΗΓΗ ΚΑΤΑΛΟΓΟΓΡΑΦΗΣΗΣ | |
| Φορέας πρωτότυπης καταλογογράφησης | MC Athens Campus Library |
| Γλώσσα καταλογογράφησης | Ελληνικά, Μοντέρνα (1453-) |
| Modifying agency | MC Athens Campus Library |
| Κανόνες περιγραφικής καταλογογράφησης | AACR2 |
| 245 1# - ΤΙΤΛΟΣ ΚΑΙ ΔΗΛΩΣΗ ΥΠΕΥΘΥΝΟΤΗΤΑΣ | |
| Τίτλος | International Business / A New Era |
| 260 ## - PUBLICATION, DISTRIBUTION, ETC. | |
| Name of publisher, distributor, etc. | Harcourt Brace Jovanovich, Publishers, |
| Date of publication, distribution, etc. | 1991 |
| 300 ## - PHYSICAL DESCRIPTION | |
| Extent | 544 |
| 505 0# - FORMATTED CONTENTS NOTE | |
| Formatted contents note | The International Business Environment, Introduction to the Environment of International Business, International Business and Trade Concepts, The Sociocultural Environment of International Business, The Government and Regulatory Environment, The Government and Regulatory Environment, International Agreements and Organizations, Political Risk, International Comparative Environments, Developing Countries and International Business, Japanese Business and Management, East-West Trade, International Monetary Environment, International Monetary System, International Capital Markets, International Marketing, International Marketing Research, International Product Development and Pricing, International Distribution and Promotion, International Finance, International Commercial Transactions, International Financial Management, International Accounting and Taxation, Management Strategies, Organization and Strategy and Staffing, International Technology Transfer, The Future. |
| 520 ## - SUMMARY, ETC. | |
| Summary, etc. | The International Business Environment, Introduction to the Environment of International Business, International Business and Trade Concepts, The Sociocultural Environment of International Business, The Government and Regulatory Environment, The Government and Regulatory Environment, International Agreements and Organizations, Political Risk, International Comparative Environments, Developing Countries and International Business, Japanese Business and Management, East-West Trade, International Monetary Environment, International Monetary System, International Capital Markets, International Marketing, International Marketing Research, International Product Development and Pricing, International Distribution and Promotion, International Finance, International Commercial Transactions, International Financial Management, International Accounting and Taxation, Management Strategies, Organization and Strategy and Staffing, International Technology Transfer, The Future. |
| 700 1# - ΠΡΟΣΘΕΤΗ ΑΝΑΓΡΑΦΗ--ΦΥΣΙΚΟ ΠΡΟΣΩΠΟ | |
| Personal name | Matsuura F. Nanshi |
| 9 (RLIN) | 1017 |
| 942 ## - ADDED ENTRY ELEMENTS (KOHA) | |
| Koha item type | Books |
| Τύπος τεκμηρίου | Βιβλιοθήκη | Τρέχουσα τοποθεσία | Barcode | Αριθμός εισαγωγής | Ημερομηνία απόκτησης | Ταξιθετικό σύμβολο | Αριθμός αντιτύπου | Κατάσταση απόσυρσης | Κατάσταση χαμένου | Κατάσταση κατεστραμμένου | Μη δανεισμός | Σύνολο δανεισμών | Ημερομηνία τελευταίας εμφάνισης | Η τιμή ισχύει από |
|---|---|---|---|---|---|---|---|---|---|---|---|---|---|---|
| Books | MC Athens Campus Library | MC Athens Campus Library | 9780000007506 | 1389 | 05/06/2025 | 658/.049 MAT | 1 | 05/06/2025 | 05/06/2025 |